Gminy w powiecie Sanockim - Statystyki

Ogólne statystyki
  • Ten quiz został rozwiązany 77 razy
  • Średni wynik to 6 z 8
Statystyki odpowiedzi
rodzaj gminy % Poprawnych
miejska Sanok
100%
wiejska Sanok
100%
miejsko-wiejska Zagórz
81%
wiejska Komańcza
64%
wiejska Zarszyn
64%
wiejska Bukowsko
60%
wiejska Besko
57%
wiejska Tyrawa Wołoska
45%
Nie znaleziono quizów pasujących do podanych kryteriów
Rozkład punktacji
Procent ludzi z każdym wynikiem
Percentyl według liczby udzielonych odpowiedzi
Twoja historia wyników
Nie rozwiązałeś tego quizu